| 000 | 00356nam a2200157Ia 4500 | ||
|---|---|---|---|
| 003 | GCL | ||
| 008 | 140319s9999 xx 000 0 eng d | ||
| 040 |
_aGCL / _cGCL |
||
| 082 | 0 | 4 |
_aCASSETTE _b45 |
| 100 | 1 | _aBASTIO BOY | |
| 245 | 1 | 0 |
_aOCEAN MUSIC / _cBASTIO BOY |
| 260 |
_a[S.N] : _bNONE |
||
| 650 | 0 | 4 | _aAUDIO TAPES |
| 650 | 0 | 4 | _aSONGS |
| 942 |
_2ddc _cBK |
||
| 999 |
_c18585 _d18585 |
||